000 00855nam a22002057a 4500
003 PE SENCICO BE
005 20260122194816.0
008 260116b |||||||| |||| 00| 0 eng d
040 _aPE SENCICO BE
_cPE SENCICO BE
041 _aspa
084 _aI
_aDIB
_a1998
_bM26
100 1 _aMartinez Tejada, José Antonio
_9200
_eautor
245 1 _aMemoria descriptiva del proyecto "Guimel"
_bvivienda unifamiliar área 240 m2 /
_cJosé Antonio Martínez Tejada
260 _aLima :
_c1998
300 _a[40] hojas :
_c29 cm.
502 _aMonografía de Titulación.-- Servicio Nacional de Capacitación para la Industria de la Construcción. Escuela Superior Técnica. Carrera Profesional Técnica en Dibujo en Construcción Civil, 1998
710 1 _aInstituto de Educación Superior Sencico
_9201
_eautor
910 _ahfp
942 _2ddc
_cLIB
999 _c9817
_d9817